00780nam a2200217 a 450000100100000000500170001000800410002704000250006808200200009310000490011324500450016226000360020730000200024350000420026359000260030565000280033165000310035991000370039095201180042799900170054500003200520240412074255.0110707s1976 dr 000 p spa d aDO-SdBNPbspacBNPHU aRD861.44bM971m1 aMuñoz Marte, Emilio Antonio,d1927-92565810aMarié /cEmilio Antonio Muñoz Marte. aSanto Domingo :bTaller,c1976. a58 p. ;c13 cm. aIncluye datos biográficos del autor aInventariado, 2018/LP 0aPoesía dominicana966 0aLiteratura dominicana.967 aValidado. Control de calidad MFF 0010718PDaPDbPDcHDd2011-07-07iLF1l0oRD861.44 M971mp32005-10r2020-06-25w2020-06-25yLFPDZNo se presta c31496d31496